000 01426cam a2200349 i 4500
650 7 _aJudaísmo
_xCostumbres y prácticas
_2
_96882
999 _c45073
_d45073
001 18660
003 CO-MdFUSB
005 20220625062548.0
008 160802t2014 sp ||||| |||| 00| 0 spa d
020 _a978-84-9945-984-4
040 _aCO-MdFUSB
_bEspañol
_cCO-MdFUSB
_dCO-MdFUSB
_erda
041 _aspa
082 _224
_aG 221.09
_bM315t
100 1 _aMarchadour, Alain
_eautor
245 1 3 _aLa tierra que yo te mostraré
_b : La tierra en la Biblia
_c/ Alain Marchadour ; traducido por Pedro Barrado y María del Pilar Salas
264 4 _aEstella, Navarra:
_bVerbo Divino,
_c©2014
300 _a68 páginas
_c19 cm.
336 _2rdacontent
_a1
_ba1
337 _2rdamedia
_a2
_b5
338 _2rdacarrier
_a2
_b5
490 _aCuadernos Bíblicos ;
500 _aTítulo original en francés: "La terre que je te ferai voir". La terre dans la Bible
501 _arústico
505 0 0 _aLa matriz del exilio -- Del caos a la tierra prometida -- La tierra para la alianza -- Los profetas: del castigo al consuelo, o el desvelamiento del pecado contra la tierra -- Los Salmos y la tierra -- La tierra de Israel y el Reino -- Las facetas de la tierra.
630 7 _aBiblia.
_pAntiguo Testamento
_xCrítica, interpretación, etc.
653 _aIsrael
653 _aAlianza
653 _aTierra prometida
653 _aTierra en la biblia
942 _cBK